000 04717nam a2200253 4500
003 NALT
005 20260219094334.0
008 260210b th ||||| |||| 00| 0 tha d
040 _aNALT
090 _aELR 212/1 2568
100 0 _aพิกุลรัตน์ หนูคง
_962892
245 1 0 _aการสนับสนุนข้อมูลเพื่อการพิจารณาของคณะกรรมาธิการวิสามัญ พิจารณาร่างพระราชบัญญัติการเข้าชื่อเสนอกฎหมาย พ.ศ. .... /
_cพิกุลรัตน์ หนูคง.
246 3 0 _aผลงานหรือผลสำเร็จของงานที่เกิดจากการปฏิบัติงานในตำแหน่งที่รับผิดชอบ.
260 _aกรุงเทพฯ :
_bสำนักงานเลขาธิการสภาผู้แทนราษฎร,
_c2568.
300 _a151 หน้า :
_bตาราง ;
_c30 ซม.
505 2 _aบทที่ 1 บทนำ -- 1.1 ความเป็นมาและความสำคัญของปัญหา -- 1.2 วัตถุประสงค์ของการศึกษา -- 1.3 ขอบเขตของการศึกษา -- 1.4 วิธีการศึกษา -- 1.5 นิยามศัพท์เฉพาะ -- 1.6 ประโยชน์ที่คาดว่าจะได้รับ -- บทที่ 2 แนวคิด ทฤษฎี และวรรณกรรมที่เกี่ยวข้อง -- 2.1 แนวคิด และทฤษฎีที่เกี่ยวข้องกับการปกครองระบบประชาธิปไตย (การมีส่วนร่วมของประชาชน) -- 2.2 แนวคิด และทฤษฎีที่เกี่ยวข้องกับการเข้าชื่อเสนอกฎหมายของประเทศไทย -- 2.3 แนวคิด และทฤษฎีที่เกี่ยวข้องกับการเข้าชื่อเสนอกฎหมายของต่างประเทศไทย -- 2.4 ทบทวนวรรณกรรมที่เกี่ยวข้อง -- บทที่ 3 วิธีการศึกษา -- 3.1 ขอบเขตการศึกษา -- 3.2 ขั้นตอนการดำเนินการ -- 3.3 วิธีการเก็บข้อมูล -- 3.4 กรอบแนวคิดในการดำเนินการ -- บทที่ 4 ผลการศึกษา -- 4.1 ปัญหา อุปสรรคการเข้าชื่อเสนอกฎหมายโดยประชาชนของประเทศไทย -- 4.2 หลักเกณฑ์ ขั้นตอน วิธีการเข้าชื่อเสนอกฎหมายโดยประชาชนตามบทบัญญัติของพระราชบัญญัติว่าด้วยการเข้าชื่อเสนอกฎหมาย พ.ศ. 2556 และร่างพระราชบัญญัติการเข้าชื่อเสนอกฎหมาย พ.ศ. .... -- 4.3 เปรียบเทียบหลักเกณฑ์การเข้าชื่อเสนอกฎหมายโดยประชาชนของประเทศไทยกับต่างประเทศ -- 4.4 การสังเคราะห์ข้อมูลและจัดทำเป็นข้อมูลทางวิชาการเสนอต่อคณะกรรมาธิการวิสามัญพิจารณาร่างพระราชบัญญัติการเข้าชื่อเสนอกฎหมาย พ.ศ. .... -- บทที่ 5 สรุปผลการศึกษา อภิปรายผล และข้อเสนอแนะ -- 5.1 สรุปผลการศึกษา -- 5.2 อภิปรายผล -- 5.3 ข้อเสนอแนะ.
650 4 _aสิทธิเสนอร่างกฎหมาย
_950815
653 4 _aการเข้าชื่อเสนอกฎหมาย
942 _2local
_cIS
996 _ajidapa.t
_bACQSTF
_c2026-02-10
996 _avaree.k
_bLIBSTF
_c2026-02-12
996 _asaiphon.d
_bCATSTF
_c2026-02-19
999 _c107751
_d107751
998 _j104
_k นางสาวสายฝน ดีงาม